000 00850nam a2200301 a 4500
001 000018812
003 DO-SdBNP
005 20210414100509.0
007 000018812
008 100519s2010 dr 000 f spa d
020 _a9789945429220
040 _aBPMSU
_bspa
_cBPMSU
082 4 _aRD863.44
_bD542ne
_222
100 1 _aDíaz, Junot,
_d1968-
240 1 0 _aDrown
_lespañol
245 1 0 _aNegocios /
_cJunot Díaz ; traducción Eduardo Lago.
260 _aSanto Domingo :
_bAlfaguara,
_c2010.
300 _a200 p. ;
_c23 cm.
500 _3Incluye datos biográficos del autor en la solapa de la cubierta
586 _aPremio Pulitzer
590 _6Inventariado, 2021/VM
650 4 _aNovela dominicana
650 4 _aLliteratura dominicana
700 1 _aLago, Eduardo,
_etr.
910 _aVMateo
942 _2ddc
_cBK
945 _a
999 _c7556
_d7556